00783cam a22002531 4500001000800000005001700008008004100025010001700066015001400083035001800097040004400115041000800159042001200167080001500179082001500194100000700209101000800216245005300224504006400277906004500341942001200386999001700398952011400415696465620180315044121.0740402s1951 mauf b 000 0 eng  a 51013174  aGB52-5728 a(OCoLC)847581 aDLCcMeWCdOCoLCdODaWUdOCoLCdUkdDLC aeng apremarc a709.73 BAU a709.73 BAU1 a44 aART10aRevolution and tradition in modern American art. aBibliographical references included in "Notes" (p. 157-160) a7bcbccoclcrplduencipf19gy-gencatlg 2ddccBK c45067d45067 00102udc40708PËKGa002b002cPËKGd2018-03-15l0o709.73 BAUp002-3001843r2018-03-15w2018-03-15yBK